The Ultimate Lady Gaga Quiz - Statistics

General Stats
  • This quiz has been taken 437 times
  • The average score is 10 of 41
Answer Stats
Hint Answer % Correct
Lady Gaga's real name is Stefani ______ ________ Germanotta. Joanne Angelina
79%
How many singles were released from The Fame? 6
78%
Lady Gaga's eyes are which color? Green
76%
When is Lady Gaga's birthday? March 28, 1986
72%
Lady Gaga's fans are dubbed as ______ ________. Little Monsters
68%
What is Lady Gaga's sister's name? Natali
55%
"I wanna ____ _____ but he took me home instead." (Monster) just dance
51%
Lady Gaga's favourite food is _____. Pasta
49%
"Check this hand ‘cause I’m _________." (Poker Face) marvelous
45%
Where is Lady Gaga's peace tattoo? Left wrist
43%
Lady Gaga’s acoustic performances of Telephone & Dance In The Dark were dedicated to whom? Alexander McQueen
40%
On what TV show did Lady Gaga and Madonna fight? Saturday Night Live
40%
The Monster Ball opens with which song? Dance In The Dark
34%
What are Lady Gaga's parents' names? Joseph & Cynthia
34%
What was the first record label Lady Gaga signed to? Def Jam
27%
Who features on Christmas Tree? Space Cowboy
27%
"Don't ask me how or why but I'm _____ ____ __ ______ ____ ____." (The Fame) gonna make it happen this time
24%
Fashion appears on which movie soundtrack? Confessions Of A Shopaholic
20%
"Boys, boys, boys. With _________ and _____!" (Boys, Boys, Boys) hairspray, denim
20%
In Electric Kiss, Lady Gaga says that she is going to change the world with what? Her lips
14%
What is Lady Gaga's favorite color? Lavender
14%
"And when you miss me, just remember that I ______ ___ ___ ____ __." (Video Phone) always got you with me
12%
"___ ____ _____ on my _____, pull the fader." (Starstruck) Put your hands, waist
12%
How many copies of the 'Book of Gaga' were pressed? 10,000
9%
"________ ____ with a pen in my hand. Dinkin' Lincoln, ________ with a fan." (Paper Gangsta) Midnight rush, sanscript
9%
"I'm not _____, I like to _____. Let's get ____ in your ______." (Boys, Boys, Boys) loose, party, lost, Ferrari
8%
"The ______ ___, he misses them kisses, yeah." (Blueberry Kisses) muffin man
8%
What prison was Lady Gaga sent to in the Telephone music promo? Prison for B*tches
8%
"Pop ate my heart. [I see]. He downed the whole thing __ ___ _________ ____." in one efficient gulp
6%
On what date did Lady Gaga's aunt, Joanne, die? December 18, 1974
5%
In the song Future Love, what has Lady Gaga been working on? Engineering
5%
Who does Lady Gaga address in Filthy Pop? Mr. Radio
5%
Who shot Lady Gaga for her cover of V Magazine? Mario Testino
4%
What city did the Fame Ball take off in? San Diego
4%
What are Lady Gaga's grandmothers' names? Veronica & Angelina
4%
What was Lady Gaga terrified of as a child? Angler fish
3%
What would Lady Gaga do for two days of world peace? Eat human flesh
3%
In which city did Lady Gaga premier the 'Living Dress'? Liverpool
3%
Who designed Lady Gaga's heel-less platforms? Noritaka Tatehana
3%
A male delivers three spoken words in the Just Dance. What does he say? Incredible, amazing, music
2%
In what city did a fan jump up on stage during the Monster Ball? Yokohama
2%
No matching quizzes found
Score Distribution
Percent of People with Each Score
Percentile by Number Answered
Your Score History
You have not taken this quiz